[Event "Essen Werden op"]
[Site "Essen"]
[Date "2004.07.09"]
[Round "6"]
[White "Bauer, Volker"]
[Black "Sahiti, Dragut"]
[Result "1-0"]
[WhiteElo "1586"]
[BlackElo "1476"]
[PlyCount "29"]
[EventDate "2004.06.04"]
[EventType "swiss"]
[EventRounds "7"]
[EventCountry "GER"]
[SourceTitle "EXT 2007"]
[Source "ChessBase"]
[SourceDate "2006.11.23"]
[SourceVersion "1"]
[SourceVersionDate "2006.11.23"]
[SourceQuality "1"]

1. e4 Nc6 2. d4 e6 3. Nf3 h6 4. Nc3 Bb4 5. Bd2 Nf6 6. Bd3 0-0 7. g4 Bxc3 8. bxc3 Nxg4 9. Rg1 h5 10. e5 f6 11. h3 Nxf2 12. Kxf2 f5 13. Bf4 Ne7 14. c4 Kh7 15. Ng5+ 1-0

[Event "Essen Werden op"]
[Site "Essen"]
[Date "2004.06.25"]
[Round "4"]
[White "Sahiti, Dragut"]
[Black "Blank, Stephan"]
[Result "0-1"]
[WhiteElo "1476"]
[BlackElo "1743"]
[PlyCount "118"]
[EventDate "2004.06.04"]
[EventType "swiss"]
[EventRounds "7"]
[EventCountry "GER"]
[SourceTitle "EXT 2007"]
[Source "ChessBase"]
[SourceDate "2006.11.23"]
[SourceVersion "1"]
[SourceVersionDate "2006.11.23"]
[SourceQuality "1"]

1. d4 d5 2. Bf4 Bf5 3. e3 c6 4. Bd3 Bxd3 5. Qxd3 Qb6 6. b3 Nf6 7. Nd2 e6 8. Ngf3 Nbd7 9. 0-0 Be7 10. c4 Nh5 11. c5 Nxf4 12. exf4 Qc7 13. Ne5 0-0 14. Ndf3 f6 15. Nxd7 Qxd7 16. Rfe1 Rae8 17. Re2 Bd8 18. b4 Bc7 19. g3 Qf7 20. Qd2 Qh5 21. Kg2 e5 22. dxe5 fxe5 23. Nxe5 Bxe5 24. fxe5 Rxe5 25. Rxe5 Qxe5 26. Re1 Qf6 27. Qe3 Rd8 28. Qe6+ Qxe6 29. Rxe6 Kf7 30. Re2 Kf6 31. f4 Ra8 32. a4 Rd8 33. g4 d4 34. Kf3 d3 35. Rd2 Rd4 36. b5 cxb5 37. axb5 Rd5 38. c6 bxc6 39. bxc6 Rc5 40. Rxd3 Rxc6 41. h4 Ke7 42. Rb3 Kd7 43. g5 Rb6 44. Ra3 a6 45. h5 Ke7 46. Kg4 Kf7 47. Ra4 Ke6 48. f5+ Ke7 49. Re4+ Kf7 50. g6+ hxg6 51. fxg6+ Kf8 52. Re5 Rb4+ 53. Kg5 Rb5 54. Rxb5 axb5 55. h6 gxh6+ 56. Kxh6 Kg8 57. Kg5 b4 58. Kf4 b3 59. Ke3 b2 0-1